000 00772nam a2200229 i 4500
001 71187
003 ES-MaACL
005 20250727034607.0
007 t|
008 040806s1963 sp ||||1| cat d
100 1 _aGauthier, Paul.
_956037
245 1 4 _aEls pobres, Jesús i l'Eglesia /
_cPaul Gauthier ; proleg del Cardenal Gerlier ; [traductor Oriol Mª Divi].
260 _aBarcelona :
_bEstela,
_c1963.
300 _a150 p. ;
_c20 cm.
490 1 _aCol-leccio "Concili Vatica II" ;
_v9
650 7 _aIglesia y problemas sociales
_2embne
_913569
700 1 _aDivi, Oriol Mª.
_944893
700 1 _aGerlier, Pierre Marie.
_956460
830 0 _aCol-leccio "Concili Vatica II" ;
_v9
_9229985
852 _aES-MaACL
_jC-25039
_bR.53808
999 _c71187
_d71187